HC Košice Current Squad - Statistics

General Stats
  • This quiz has been taken 8 times
  • The average score is 21 of 30
Answer Stats
Position Answer % Correct
Forward Brett Pollock
100%
Goalkeeper Jaroslav Janus
100%
Forward Michal Chovan
100%
Defence Antonín Bartoš
88%
Defence Jakub Ferenc
88%
Forward Patrik Lamper
88%
Forward Tomáš Mikúš
88%
Defence Blake Parlett
75%
Goalkeeper Dominik Riečický
75%
Defence Eduard Šedivý
75%
Forward Joona Jääskeläinen
75%
Forward Matúš Havrila
75%
Defence Mislav Rosandič
75%
Forward Olivier Archambault
75%
Goalkeeper Patrik Jurčák
75%
Defence Radek Deyl
75%
Forward Danick Martel
63%
Forward Dávid Kohút
63%
Forward Filip Krivošík
63%
Forward Mário Lunter
63%
Defence Max Gildon
63%
Forward Peter Repčík
63%
Forward Šimon Petráš
63%
Forward Eduard Šimun
50%
Defence Joshua Teves
50%
Forward Marek Bartánus
50%
Forward Patrik Rogoň
50%
Defence Sebastián Mitro
38%
Forward Tomáš Zigo
38%
Defence Oleksii Dakhnovskyi
13%
No matching quizzes found
Score Distribution
Percent of People with Each Score
Percentile by Number Answered
Your Score History
You have not taken this quiz